Captain John Smith's True relation, 1608. (Record no. 52413)

MARC details
000 -LEADER
fixed length control field 00733cam a22002531 4500
001 - CONTROL NUMBER
control field rc 01002804
003 - CONTROL NUMBER IDENTIFIER
control field DLC
005 - DATE AND TIME OF LATEST TRANSACTION
control field 20260227111907.0
008 - FIXED-LENGTH DATA ELEMENTS--GENERAL INFORMATION
fixed length control field 800109s1896 nyu 000 0 eng
010 ## - LIBRARY OF CONGRESS CONTROL NUMBER
LC control number rc 01002804
035 ## - SYSTEM CONTROL NUMBER
System control number (OCoLC)5857489
040 ## - CATALOGING SOURCE
Original cataloging agency DLC
Transcribing agency Vi
Modifying agency DLC
042 ## - AUTHENTICATION CODE
Authentication code premarc
050 00 - LIBRARY OF CONGRESS CALL NUMBER
Classification number E173
Item number .A66 no. 27
051 ## - LIBRARY OF CONGRESS COPY, ISSUE, OFFPRINT STATEMENT
Classification number F229
Item number .S682
100 1# - MAIN ENTRY--PERSONAL NAME
Personal name Smith, John,
Dates associated with a name 1580-1631.
245 00 - TITLE STATEMENT
Title Captain John Smith's True relation, 1608.
260 ## - PUBLICATION, DISTRIBUTION, ETC.
Place of publication, distribution, etc. New York,
Name of publisher, distributor, etc. A. Lovell,
Date of publication, distribution, etc. 1896.
300 ## - PHYSICAL DESCRIPTION
Extent 33 p.
Dimensions 18 cm.
490 0# - SERIES STATEMENT
Series statement American history leaflets. [v. 2]
Volume/sequential designation no. 27
500 ## - GENERAL NOTE
General note Cover-title.
651 #0 - SUBJECT ADDED ENTRY--GEOGRAPHIC NAME
Geographic name Virginia
General subdivision History
Chronological subdivision Colonial period, ca. 1600-1775.
650 #0 - SUBJECT ADDED ENTRY--TOPICAL TERM
Topical term or geographic name entry element Indians of North America
Geographic subdivision Virginia.

No items available.

Powered by Koha